000 00499nam a2200205Ia 4500
003 BUBTL
008 151213s9999 xx 000 0 und d
082 _a657
_bUDA
100 _aMD. Haffiz Uddin
245 _aBasic accounting
_cMD. Haffiz Uddin
250 _a2nd
260 _aDhaka
_bAngle
_c2005
300 _a2320 p.
650 _aAccounting
650 _aAccounting
700 _aMD. Haffiz Uddin
856 _k0
_l0
_yDownload
942 _2ddc
_cBK
999 _c1650
_d1650